Statistiques concernant Pays modernes de l'Allemagne nazie sur une carte.

Cliquez ici pour prendre le quiz!

Statistiques générales

  • Ce quiz a été pris 776 fois
  • Le résultat moyen est 19 sur 20

Réponses sur la Carte

Les réponses sont colorées sur une échelle allant du rouge au vert en fonction du pourcentage des utilisateurs qui les ont devinées à leur premier essai. Vous pouvez retrouver ces pourcentages ci-dessous.
 

Statistiques - réponses

Pays% Correct
Allemagne
100%
France
100%
Pologne
100%
Belgique
99%
Norvège
99%
Pays-Bas
99%
Autriche
98%
Danemark
98%
Lituanie
98%
Luxembourg
98%
Ukraine
98%
Biélorussie
97%
Estonie
97%
Lettonie
97%
Russie
97%
République tchèque
93%
Grèce
92%
Slovaquie
88%
Slovénie
87%
Serbie
86%

Distribution des résultats

Percentile par nombre de réponses

% des personnes avec chaque résultat

Votre développement - résultats

Vous n’avez pas pris ce quiz